Tarres, aj prehráva Vrcholný trial po dvoch tretinách

Bibliographic Details
Main Author: Szabó, Michal (Author)
Format: Article
Language:Slovak
PhysicalDescription:Obr. 1.
Subjects:

MARC

LEADER 00000nab a2200000 a 4500
001 vtls000397259
003 SK-MaSNL
005 20260304120516.0
008 111202c1990 xo 0 slo
015 |a SNBRB19rr/mm-uuuuu 
035 |a CL0397383 
040 |a SNKBUCL  |b slo  |c SNKBUCL  |e AACR2 
041 0 |a slo 
044 |a xo  |c SK 
080 |a 796.72.093.1(100)  |2 1981 
100 1 |a Szabó, Michal  |4 aut  |9 268629 
245 1 0 |a Tarres, aj prehráva  |b Vrcholný trial po dvoch tretinách  |c Michal Szabó 
300 |b Obr. 1. 
650 0 7 |a motocyklistika  |2 snkbucl  |9 74824 
655 7 |a články z novín a časopisov  |2 snkbucl  |9 267496 
773 0 |t Stop  |g Roč. 20, č. 19 (1990), s. 42 
850 |a Slovenská národná knižnica v Martine  |a MTA001 
852 |a SNK  |b KIS3GCP 
958 |a RK 
992 |a RBX 
999 |c 2880296  |d 2882226